000 01448cam a22004574i 4500
003 PE-LiUPU
005 20250731173026.0
008 150623s r 000 0 d
020 _a0687014581
035 _a(Sirsi) i9780687014583
040 _aPE-LiUPU
_bspa
_cPE-LiUPU
_erda
049 _aPRUA
082 0 4 _a264.001
_bS18W
_221
100 1 _aSaliers, Don E.,
_d1937-,
_eautor.
245 1 0 _aWorship come to its senses /
_cDon E. Saliers.
264 1 _aNashville, TN. :
_bAbingdon Press,
_c1996.
300 _a95 páginas ;
_c20 centímetros
336 _atext
_2rdacontent
337 _aunmediated
_2rdamedia
338 _avolume
_2rdacarrier
504 _aIncluye bibliografía.
505 0 _aThe Sense of Awe. -The Sense of Deligth. -The Sense of Hope.
526 _aSEG42
526 _aSEG41
526 _aSEG40
526 _aSEG39
526 _aP94
526 _aP87
526 _aP86
526 _aP85
526 _aP77
526 _aP76
526 _aP35
650 0 4 _aCulto público.
942 _2ddc
_cBOOK
949 _a264.001 S18W
_wDEWEY
_c1
_i47967
_lCCODEBUL1
_mBUL
_r0
_sY
_tBOOK
_u2015-6-24
_xTEOLOGIA
_PP35
_0COMPRA
_o.STAFF. Colección General
994 _aC0
_bPEPRU
596 _a1
999 _a264.001 S18W
_wDEWEY
_c24443
_i47967
_f2021-11-10
_g5
_lCCODEBUL1
_mBUL
_r0
_sY
_tBOOK
_u2015-6-24
_xTEOLOGIA
_PP35
_0COMPRA
_o.STAFF. Colección General
_d24443
980 _81
_gALBERTO SANCHEZ Responsable de Automatización